000 00551nam a2200193Ia 4500
005 20250923145705.0
008 008 250917s9999 xx 000 0 eng d
037 _aTextual
040 _aDSWL
_beng
_cDSWL
041 _aeng
_2eng
084 _aY57:4.2Q73, N83
_qDSWL
245 0 _aBetween Basti dwellers and bureaucrats
_c Ed.by J.W.Schoorl
260 _aOxford
_bPergamon
_c1983
300 _axiii,305 p.
365 _aINR
_b195.80
925 _g195.80
942 _cTEXL
_hY57:4.2Q73, N83
999 _c1454394
_d1454394